01217 2200313 4500001002100000005001500021035002000036007000300056008004100059020002200100082001200122084001800134100001800152245003800170250001100208260003600219300002800255650003900283650003300322520034800355990002500703990002500728990002500753990002500778990002500803990002500828990002500853990002500878INLIS00000000001024220221104052508 a0010-1121000037ta221104 g 0 ind  a978-979-007-653-2 a347.012 a347.012 IMA h0 aImam Soebechi1 aHak uji materiil /cImam Soebechi aCet. 1 aJakarta :bSinar Grafika,c2016 axiii, 328 hlm. ;c23 cm 4aMahkamah Agung -- Hak Uji materiil 4aHak uji material - Indonesia aHak uji materiil atau yang dikenal dengan istilah judicial review merupakan hak menguji yang dimiliki oleh kekuasaan yudikatif untuk melakukan pengujian terhadap peraturan perundang-undangan di tingkat Mahkamah Agung. Konsep pengujian ini lahir sebagai bentuk konsekuensi dari prinsip check and balances antar organ pelaksana kekuasaan negara. a25381/MKRI-P/II-2017 a25382/MKRI-P/II-2017 a25383/MKRI-P/II-2017 a25384/MKRI-P/II-2017 a25384/MKRI-P/II-2017 a25381/MKRI-P/II-2017 a25382/MKRI-P/II-2017 a25383/MKRI-P/II-2017